| 000 | 00910nam a2200265 i 4500 | ||
|---|---|---|---|
| 001 | bg | ||
| 100 | 1 | _aMOTOWICKA-Terelak, Teresa | |
| 245 | 1 | 0 |
_aSiarka w glebach Polski : _bstan i zagrożenie / _cTeresa Motowicka-Terelak, Henryk Terelak ; Państwowa Inspekcja Ochrony Środowiska. |
| 260 |
_aWarszawa : _bPIOŚ, _c1998. |
||
| 300 |
_a106 s. : _bmapy, wykr. (w tym kolor.) ; _c24 cm. |
||
| 490 | 1 | _aBiblioteka Monitoringu Środowiska | |
| 504 | _aBibliogr. s. 100-105. | ||
| 650 | 9 |
_aGleba _xchemia _xbadanie _zPolska |
|
| 650 | 9 |
_aSiarka _xhigiena _xbadanie _zPolska |
|
| 700 | 1 | _aTERELAK, Henryk | |
| 710 | 0 | _aPaństwowa Inspekcja Ochrony Środowiska (Warszawa) | |
| 830 | _aBiblioteka Monitoringu Środowiska | ||
| 020 | _a837217371 | ||
| 040 | _cBPK | ||
| 041 | 0 | _apl | |
| 080 | _a504.5.054:631.4:54](438) | ||
| 920 | _a83-7217-37-1 | ||
| 942 | _cKS | ||
| 008 | s pl f |000 0 pol | ||
| 999 |
_c34103 _d34103 |
||
| 856 |
_uhttp://koha.tu.koszalin.pl/cgi-bin/koha/opac-detail.pl?biblionumber=34103 _yKatalog online BPK |
||